Cross-roads of life on earth : (Registro nro. 5707)

Detalles MARC
000 -CABECERA
Campo de control 01090nam a2200253 a 4500
005 - FECHA Y HORA DE LA ULTIMA TRANSACCION
Campo de control 20160722113410.0
008 - ELEMENTOS DE LONGITUD FIJA—INFORMACION GENERAL
Campo de control 160722t2007 -cnbd|||r|||| 00| 0 eng d
020 ## - ISBN
ISBN 929225071X
040 ## - FUENTE DE CATALOGACIÓN
Agencia catalogadora original CO-BoIAVH
Agencia transcriptora CO-BoIAVH
041 0# - IDIOMA
Código de idioma para texto/pista de sonido o título separado Inglés
044 ## - PAÍS DE PUBLICACIÓN
País de publicación Canadá
082 04 - NUMERO DE CLASIFICACION DECIMAL DEWEY
Número de clasificación 333.95
Número del ítem C95l
245 00 - MENCION DE TITULO
Título Cross-roads of life on earth :
Parte restante del título exploring means to meet the 2010 biodiversity target /
Mención de responsabilidad Secretariat of the Convention on Biological Diversity
260 ## - PUBLICACION, DISTRIBUCION, ETC. (PIE DE IMPRENTA)
Lugar de publicación, distribución, etc. Montreal, Canadá :
Nombre del editor, distribuidor, etc. Secretariat of the Convention on Biological Diversity :
-- Netherlands Environmental Assessment Agency,
Fecha de publicación, distribución, etc. 2007.
300 ## - DESCRIPCION FISICA
Extensión 90 páginas :
Otros detalles físicos mapas y gráficas a color ;
Dimensiones 29 x 21 cm.
490 0# - MENCION DE SERIE
Mención de serie CBD Technical Series ;
Designación numérica/secuencial del volumen 31
504 ## - NOTA DE BIBLIOGRAFIA, ETC.
Nota de bibliografía Incluye referencias bibliográficas.
650 26 - ASIENTO SECUNDARIO DE MATERIA - TERMINO TEMATICO
Término temático o nombre geográfico como elemento de entrada Conservación de la diversidad biológica
Subdivisión general escenarios
9 (RLIN) 73086
650 26 - ASIENTO SECUNDARIO DE MATERIA - TERMINO TEMATICO
Término temático o nombre geográfico como elemento de entrada Biodiversidad
Subdivisión general escenarios
9 (RLIN) 73087
650 26 - ASIENTO SECUNDARIO DE MATERIA - TERMINO TEMATICO
Término temático o nombre geográfico como elemento de entrada Biodiversidad
Subdivisión general políticas
9 (RLIN) 73088
710 2# - ASIENTO SECUNDARIO - NOMBRE CORPORATIVO
Nombre corporativo o de jurisdicción como elemento de entrada Secretariat of the Convention on Biological Diversity
9 (RLIN) 73089
710 2# - ASIENTO SECUNDARIO - NOMBRE CORPORATIVO
Nombre corporativo o de jurisdicción como elemento de entrada Netherlands Environmental Assessment Agency
9 (RLIN) 73090
942 ## - ELEMENTOS ADICIONALES (KOHA)
Tipo de ítem Libro
Sistema de clasificación Dewey Decimal Classification
Existencias
Withdrawn status Lost status Sistema de Clasificación Damaged status No para préstamo Colección Inventariado Ubicación Permanente Ubicación actual Fecha de adquisición Fuente de Valor Valor Total Checkouts Número topográfico Inventario / Código de Barras Date last seen Ejemplar Price effective from Forma de adquisición Tipo de material
    Dewey Decimal Classification     General Inventariado 2017 Bogotá Bogotá 24/07/2007 Instituto 39000.00   LB-333.95 C95l 024778 04/12/2012 Ej. 1 04/12/2012 Donación Libro